000 00722cab a2200229 4500
001 ABS51142
008 090401t1994 xxu||||| |||| 00| 0 eng d
035 _a(Sirsi) u12640
041 _aeng
100 _aPearce, H.
245 _aDaring to be different
260 _c1994
350 _a0
490 _aEstates Gazette
_v(9428) 16 July 1994, 40-41(2)
520 _aProfiles Roy Swanston, who recently became president of the RICS. Outlines the themes for his presidential year and summarises the presidential address.
650 _aENGLISH HERITAGE
650 _aRICS PRESIDENT
650 _aROY SWANSTON
690 _aMANAGEMENT-BUSINESS MANAGEMENT-PROFESSIONAL PRACTICE
942 _n0
948 _c04/03/1997
999 _c8083
_d8083